000
00336nam a22001457a 4500
003
SGT
020
_a
9788179104071
082
_a
428.0071,MAH
100
_a
MAHANAD,ANAND
245
_a
ENGLISH LANGUAGE TEACHING
260
_a
JAIPUR
_b
AAVISHKAR PUBLISHERS DISTRIBUTORS
_c
2013
300
_a
152
650
_a
ENGLISH
942
_2
ddc
_c
BK
999
_c
33649
_d
33649